00747nam a22001097a 4500040000800000082002900008100001900037245052000056260002600576300002200602856001300624 cRUA aAGR CHI 1998 B020 Or.1 aCHIN, SONEATH. aការបំផ្លាញនិងវិធានការកំចាត់ខ្មូតឡាស្យូឌែមម៉ាស៊េរីខន លើសន្លឹកថ្នាំស្ងួត ស្តុកក្នុងឃ្លាំងរបស់ក្រុមហ៊ុនថ្នាំជក់ អង់គ្លេស-អាមេរិក (the damage and control measures of lasioderma serricorne on dried leaves of tobacco storing in the warehouse of british american tovacco company)o aPhnom PenhbRUAc1998 a57p.bill.c29cm. uSON CHIN